000 00535pab a2200169 454500
008 180718b2017 xxu||||| |||| 00| 0 eng d
100 _aSharma, Sarika
245 _aEffect of spiritual attitude on parents of mentally challenged
260 _c2017
300 _ap.23-26.
362 _a19 Jun
650 _aParents
650 _aMentally disabled
700 _aDas, Anash Kumar
773 _aUniversity News
909 _a114920
999 _c114914
_d114914